000 nam a22 a 4500
999 _c117414
_d117414
003 BLK
005 20221107132244.0
008 180409b bul|||||r ||||||| ||bul||
010 _aKNG00123001000
040 _aBLK
041 _aBUL
_cBUL
080 _aПрирода. Изучаване и опазване на природната среда. Опазване на растителния и животинския свят. Вж и 55/59
_b502
_x:629(035)
_z502:629(035)
080 _aАвтомобили. Автомобилостроене
_b629.113
_x(035)
_z629.113(035)
100 1 _aСестримски, Димитър Георгиев
_eпърви автор
_9367513
139 _aСестримски, Димитър Георгиев
_bС 34
245 1 0 _aАвтомобилът и околната среда
_bРъководство
_cДимитър Георгиев Сестримски
257 _aBGR
260 _aСофия
_bТехника
_c1977
_fШумен : печ. Г. Димитров
300 _a140 с.
_bс черт.
_c20 см
380 _a5
490 _aПоредица Опазване на околната среда
_9205111
500 _aКор. загл. Технологичен контрол на вредните вещества в отработените газове и шума на автомобилите.
650 4 _aВъздух - замърсяване - от автомобилния транспорт
_9261307
650 4 _aШум - борба с него
_9287925
650 4 _aАвтомобили - екология
_9315241
653 _aзамърсяване на околната среда
653 _aшум
653 _aавтомобили
852 _aЦб 90113
_bЦб
856 4 _qpdf
_i0.00
_ldisable
942 _cKNG
_n0
_s1
944 _aCR
_c21.04.2011
_lф / 20.04.2011
_kЛюдмила_Стоянова
944 _aED
_c26.04.2011
_lф / 20.04.2011